000 00693nam a22001937a 4500
999 _c180797
_d180797
005 20210818145103.0
010 _aB-741133
020 _a9789390189502
_c250.00
035 _aB-741133
037 _bGift
082 _aS
100 _aRao, Adithi
245 _aThe bhootbusters of himmatnagar /
_cby Adithi Rao ; illustrated by Sayan Mukherjee
260 _aGurgaon
_bScholastic
_c2020
270 _aA-27, Ground Floor, Sigma Centre, Infocity-1, Sector 34
_bGurgaon
_e122001
300 _a135p.:
_c19cm(pbk)
_bill.
942 _2ddc
_cCH
_hS
_mRAO